| 000 | 00631nam a2200217 a 4500 | ||
|---|---|---|---|
| 005 | 20240911064737.0 | ||
| 008 | 991125s1974 es 000 0 spa u | ||
| 035 | _aUPN01000006781 | ||
| 049 | _aCG | ||
| 050 | 4 |
_aHX39.5 _bL3.3 |
|
| 100 | 1 |
_aLenin, Vladimir Ilich, _d1870-1924 |
|
| 245 | 1 | 0 |
_aCarlos Marx y otros escritos / _cV. I. Lenin. |
| 260 |
_aBarcelona, Esp. : _bAnagrama, _c1974. |
||
| 300 | _a105 p. | ||
| 440 | 0 |
_aCuadernos Anagrama ; _v79 |
|
| 500 | _aDisponible en la Colección Medina | ||
| 600 | 1 | 4 |
_aENGELS, FRIEDRICH, _d1820-1895 |
| 600 | 1 | 4 |
_aMARX, KARL, _d1818-1883 |
| 650 | 4 |
_aComunismo _96792 |
|
| 905 | _aLibro | ||
| 999 |
_c6781 _d6781 |
||